15 Największych miast na Bliskim Wschodzie z mapą - Statystyki

Ogólne statystyki
  • Ten quiz został rozwiązany 235 razy
    210 od ostatniego zresetowania
  • Średni wynik to 11 z 15
Odpowiedzi na mapie
Odpowiedzi zakodowano w zielono-czerwonej skali na mapie do tego quizu, zgodnie z poniższymi procentami.
 
Statystyki odpowiedzi
Państwo Miasto Populacja % Poprawnych
Turcja Stambuł 15,2 mln
100%
Turcja Ankara 5,1 mln
98%
Egipt Kair 9,8 mln
98%
Iran Teheran 8,7 mln
96%
ZEA Dubaj 3,6 mln
93%
Egipt Aleksandria 5,3 mln
87%
Irak Bagdad 7 mln
87%
Arabia Saudyjska Rijad 7 mln
85%
Kuwejt Kuwejt 3,4 mln
77%
Arabia Saudyjska Mekka 2,3 mln
67%
Turcja Izmir 3 mln
59%
Syria Aleppo 2,1 mln
53%
Egipt Giza 4,4 mln
51%
Arabia Saudyjska Dżudda 3,7 mln
40%
Iran Meszhed 3 mln
18%
Nie znaleziono quizów pasujących do podanych kryteriów
Rozkład punktacji
Procent ludzi z każdym wynikiem
Percentyl według liczby udzielonych odpowiedzi
Twoja historia wyników
Nie rozwiązałeś tego quizu od ostatniego zresetowania